| 000 | 00451pam a2200157 a 4500 | ||
|---|---|---|---|
| 020 | _a1563249065 (alk. paper) | ||
| 020 | _a1563249073 (pbk. : alk. paper) | ||
| 040 | _cDLC | ||
| 082 | 0 | 0 | _a952 SHA 1997 A100 Or. |
| 245 | 0 | 0 |
_aJapan : _ba documentary history / |
| 260 |
_aArmonk, NY : _bM.E. Sharpe, _c1997. |
||
| 300 |
_a2 v. (xv, 618 p., xlvi) : _bill., maps ; _c33 cm. |
||
| 500 | _a"An east gate book." | ||
| 700 | 1 | _aLu, David John, | |
| 942 | _cEK | ||
| 999 |
_c12754 _d12754 |
||